00578nam a2200169Ia 4500003000400000005001700004008004100021020002600062040000800088041000700096082002700103100004000130245010500170246002400275260009400299300001500393LDD20240104094127.0190117s9999 xx 000 0 und d a9788190570213c₹250 cLDD ahi a8H3.7 लॉ6406चु aलॉरेंस, डी. एच. 0aचुनी हुई कहानियां /cडी. एच. लॉरेंस (D.H. Larence) aChunee Hui Kahaniya aनोयडा (यू.पी.)bकैल्विन पब्लिशिंगc2009 a199पृ.